000 00664nam a2200217 u 4500
005 20240924071235.0
008 080610s2007 r 000 0 eng d
020 _a9788424119027
035 _aUPN01000156727
049 _aI
050 4 _aPZ74.9
_bS2.67
100 1 _aSayalero, Myriam
_940098
245 1 3 _aEl príncipe feliz /
_badapt. de textos Myriam Sayalero ; il. por Angels Peinador.
260 _aLeón, Esp. :
_bEverest,
_c2007.
300 _a16 p. :
_bprincipalmente il. col.
440 0 _aGirasol
650 4 _aLiteratura infantil
_94445
650 4 _aCuentos infantiles ingleses
_910002
700 1 _aPeinador, Angeles,
_eil.
905 _aInfantil
999 _c128841
_d128841